1606 1525 1541 1240 1204 1642 1013 1655 1267 1508 1541 1056 1560 1677 1621 1696 1875 1079 1713 1097 1107 1086 1755 1005 1692 1410 1559 1993 1191 1454 1397 1038 1370 1686 1438 1000 1522 1666 1828 1299 1185 1752 1175 1864 1413 1179 1468 1081 1335 1921 1550 1318 1007 1349 1655 1354 1357 1585 1851 1900 1766 1073 1296 1071 1922 1403 1913 1544 1705 1755 1541 1199 1215 1430 1232 1330 1408 1232 1558 1334 1295 1952 1459 1127 1389 1524 1992 1828 1508 1273 1587 1739 1006 1700 1273 1044 1772 1777 1492 BCNSPRNW ULIB Ver.6.0+V

เปลี่ยนเป็นภาษาไทย

Change to English
 แสดงรายละเอียดบรรณานุกรม
  กลับหน้าหลัก

Brief Record : Get Marc (ISO 2709) : E-mail record : QR code < ปิดหน้าต่าง
LEADER : 00000nam 2200000uu 4500
001    13399121547
003     ULIB
008    121122s2550||||th 000 0 tha d
020    ^a9789741108992
060 04 ^aWW100^bย421จ
100 0  ^aยุพิน ลีละชัยกุล
245 00 ^aจักษุพยาธิวิทยา =^bOcular pathology /^cยุพิน ลีละชัยกุล,ไพศาล ลีละชัยกุล
250    ^aพิมพ์ครั้งที่ 1
260    ^aกรุงเทพฯ :^bภาควิชาพยาธิวิทยาคณะแพทยศาสตร์โรงพยาบาลรามาธิบดี มหาวิทยาลัยมหิดล,^c2550
300    ^a56 หน้า :^bภาพประกอบ (สีบางภาพ) ;^c30 ซม.
650  2 ^aEye Disease
650  2 ^aOphthalmology
650  7 ^aจักษุวิทยา
650  7 ^aตา, โรค
700 0  ^aไพศาล ลีละชัยกุล
710 2  ^aมหาวิทยาลัยมหิดล. ^bคณะแพทยศาสตร์โรงพยาบาลรามาธิบดี.^bภาควิชาพยาธิวิทยา
945    ^p300^l0^i15394
945    ^p300^l0^i15688
945    ^p300^l0^i15689
995    ^aวิภา
999 ^a ใช้งานได้ทุกระบบ
รายการนี้ยังไม่มีแท็ก
คุณยังไม่ได้ล็อกอิน คุณสามารถมีกิจกรรมร่วมกับเว็บไซต์ได้ แต่ต้องล็อกอินก่อน ::
  ล็อกอิน

รายการสื่อสารสนเทศ

ลำดับที่ ประเภท เลขเรียก/บาร์โค้ด สถานที่ สถานะ
1. วิทยาศาสตร์การแพทย์ และสุขภาพ
วิทยาศาสตร์การแพทย์ และสุขภาพ
WW100 ย421จ  
  Barcode: 15394
ห้องสมุดวิทยาเขตสวรรค์ประชารักษ์
►หนังสือทั่วไป
บนชั้น
2. วิทยาศาสตร์การแพทย์ และสุขภาพ
วิทยาศาสตร์การแพทย์ และสุขภาพ
WW100 ย421จ ฉ.2 
  Barcode: 15688
ห้องสมุดวิทยาเขตสวรรค์ประชารักษ์
►ส่วนจัดเก็บหนังสือเก่า สปร
บนชั้น
  ขอยืม
3. วิทยาศาสตร์การแพทย์ และสุขภาพ
วิทยาศาสตร์การแพทย์ และสุขภาพ
WW100 ย421จ ฉ.3 
  Barcode: 15689
ห้องสมุดวิทยาเขตสวรรค์ประชารักษ์
►ส่วนจัดเก็บหนังสือเก่า สปร
บนชั้น
  ขอยืม

รายการใกล้เคียง
    หัวเรื่อง [Eye Disease]
    หัวเรื่อง [Ophthalmology]
    หัวเรื่อง [จักษุวิทยา]
    หัวเรื่อง [ตา, โรค]

BibComment


ยังไม่เคยถูกคอมเมนท์

คอมเมนท์ทรัพยากรรายการนี้
  คอมเมนท์: จักษุพยาธิวิทยา ..


 Copyright 2026. Bcnsprnw @Library